Wszyscy Mistrzowie Bundesligi - Statystyki

Ogólne statystyki
  • Ten quiz został rozwiązany 134 razy
  • Średni wynik to 5 z 12
Statystyki odpowiedzi
Tytuły Mistrzowskie Odpowiedź % Poprawnych
28 Bayern Monachium
99%
5 Borussia Dortmund
97%
1 VFL Wolfsburg
44%
5 Borussia Monchengladbach
43%
4 Werder Brema
43%
3 Hamburger
40%
2 FC Koln
32%
3 VFB Stuttgart
29%
1 FC Nurnberg
10%
2 FC Kaiserslautern
8%
1 TSV Monachium
8%
1 Eintracht Bruinszwik
0%
Nie znaleziono quizów pasujących do podanych kryteriów
Rozkład punktacji
Procent ludzi z każdym wynikiem
Percentyl według liczby udzielonych odpowiedzi
Twoja historia wyników
Nie rozwiązałeś tego quizu